| 000 | 00901nam a22002417a 4500 | ||
|---|---|---|---|
| 999 |
_c125311 _d125311 |
||
| 005 | 20181108133950.0 | ||
| 010 | _aB-164259 ,B-164278, B-165276 | ||
| 020 |
_c00.00 _a817305181X |
||
| 035 | _aB-164259, B-164278, B-165276 | ||
| 037 | _bCen Lib/Ret | ||
| 082 |
_a230.1 _bVAN |
||
| 100 | _aVanamali | ||
| 245 |
_aSri Krishna lila : _cby Vanamali _bthe complete life of bhagavan sri Krishna, taken from the Sreemad Bhagavatham, Sreemad Mahabharatam and the wealth of oral traditions / |
||
| 246 | _b | ||
| 260 |
_bAryan Books International _c2000 _aNew Delhi |
||
| 270 |
_aPooja Appartments, 4B, Anasri Road, Daryaganj _bNew Delhi _e110002 |
||
| 300 |
_axviii,414p. : _c22cm(Hb) _bcol.ill. |
||
| 490 | _aSri Krishnaya Parambrahmane Namaba! | ||
| 650 | _aHindiuism | ||
| 650 | _aKrishna (Hindu deity) | ||
| 942 |
_2ddc _cEN _h230.1 _mVAN |
||